| 000 | 00510nam a2200217Ia 4500 | ||
|---|---|---|---|
| 003 | OSt | ||
| 005 | 20250707110342.0 | ||
| 008 | 210210b2012 xxu||||| |||| 00| 0 eng d | ||
| 020 | _a8121926114 | ||
| 040 | _cAL | ||
| 041 | _aeng | ||
| 082 | _a535 SUBT | ||
| 100 |
_aSubhrahmanyam M _9217591 |
||
| 245 | _aTextbook of optics | ||
| 260 |
_aNew Delhi _bS. Chand & Co. Ltd. _c2012 |
||
| 300 | _axx-699p. | ||
| 650 |
_aPhysics _9217592 |
||
| 700 |
_aBrij Lal _9217596 |
||
| 906 | _a065785 | ||
| 942 |
_2ddc _cBK |
||
| 999 |
_c146480 _d146480 |
||